000 00550nam a2200169Ia 4500
005 20250508163115.0
008 008 250505s9999 xx 000 0 eng d
037 _aBooks to be hide in OPAC
040 _aFEDL
_beng
_cFEDL
041 _aeng
_2eng
084 _a371.62, KVS/O
_qFEDL
245 0 _aSchool buildings revised norms and specifications: Report of a committee on school buildings
260 _aNew Delhi, India
_bKendriya Vidyalaya Sangathan
300 _a16p.
942 _cHB
_h371.62, KVS/O
999 _c1380870
_d1380870